000 00524nam a2200193Ia 4500
003 OSt
005 20250117154126.0
008 210210b1955 xxu||||| |||| 00| 0 eng d
040 _cAL
041 _akan
082 _a859/71
100 _aKRASHNARAYA (A N)
_9147983
_dಕೃಷ್ಣರಾಯ (ಅ ನ ಕೃ).
245 _aRukmini:
_bರುಕ್ಮಿಣಿ
260 _aBengaluru
_bVahini Prakashana
_c1955
650 _aRukmiNi
_9147984
690 _aKannada Fiction
_9147985
906 _a020854
942 _2ddc
_cBK
999 _c145012
_d145012